000 00497nam a22001811a 4500
001 2369
003 OSt
005 20260204211809.0
008 040220s1996||||sp ||||||b||||||||||spa||
050 _a923.17293 B181y
082 _a800.7293B181Y
100 _aBalaguer, Joaquín
245 _aYo y mis condiscípulos
264 _aEspaña : Corripio
300 _a256 p.
650 _aJuaquin Balaguer - Autobiografía 2.Literatura - República Dominicana 3.Ensayos LiterariosÌ
942 _2ddc
_cBK
999 _c2369
_d2369